|
|
|
|
| LEADER |
00000cab a2200000 a 4500 |
| 001 |
vtls008303508 |
| 003 |
SK-MaSNL |
| 005 |
20260304134913.0 |
| 008 |
250505c2005 xo r p 000 b0slo |
| 015 |
|
|
|a SNBRB2005/10SVKPO
|
| 035 |
|
|
|a (uuid)a39de7d2-f23e-42e6-81d2-1d91f01a3403
|
| 035 |
|
|
|a urn:nbn:sk:snk-abaepq
|
| 035 |
|
|
|a (urnnbn)urn:nbn:sk:snk:ar-a09xe3
|
| 038 |
|
|
|a SVKPOCL
|
| 040 |
|
|
|a SNKBUCL
|b slo
|c SNKBUCL
|e AACR2
|
| 041 |
0 |
|
|a slo
|
| 044 |
|
|
|a xo
|c SK
|
| 080 |
|
|
|a 627.81
|2 UDC-MRF-SK2
|
| 080 |
|
|
|a 908(437.6)
|2 UDC-MRF-SK2
|
| 100 |
1 |
|
|a Prosba, Jozef
|4 aut
|9 291124
|
| 245 |
1 |
0 |
|a Vodné dielo Bukovec
|c Jozef Prosba
|
| 650 |
0 |
7 |
|a vodné nádrže
|2 svkpocl
|9 4190
|
| 651 |
|
7 |
|a Bukovec (Slovensko : vodné dielo)
|2 svkpocl
|9 31189
|
| 651 |
|
7 |
|a Košice-okolie (Slovensko : okres)
|2 svkpocl
|9 146743
|
| 773 |
0 |
|
|t Vodohospodársky spravodajca
|g Roč. XLVIII, č. 9-10 (2005), s. 8-11
|x 0322-886X
|
| 850 |
|
|
|a Slovenská národná knižnica
|
| 852 |
|
|
|a Slovenská národná knižnica
|
| 958 |
|
|
|a article14
|
| 958 |
|
|
|a OND
|
| 958 |
|
|
|a EUIPO
|
| 999 |
|
|
|c 2908617
|d 2910547
|